| 000 | 00434nam a2200145Ia 4500 | ||
|---|---|---|---|
| 005 | 20250616021157.0 | ||
| 008 | 240331s9999 xx 000 0 und d | ||
| 082 |
_bJAN _a305 |
||
| 100 | _aMarga Ayathanaya | ||
| 245 | 0 | _aJana vargeeya sadaranathvaya saha jathika ekamutuwa | |
| 260 |
_aColombo _bCentre for Development Studies _c1985 |
||
| 300 | _a64 p ., | ||
| 500 | _aInter- Racial Equity and national unity in Sri Lanka | ||
| 942 | _cL | ||
| 999 |
_c2214 _d2214 |
||